| 000 | 00694nam a2200229Ia 4500 | ||
|---|---|---|---|
| 003 | GCL | ||
| 008 | 140319s9999 xx 000 0 ara d | ||
| 040 |
_aGCL / _cGCL |
||
| 082 | 0 | 4 |
_a811.9 _bا ط |
| 100 | 1 | _aاحمد فؤاد نجم | |
| 245 | 1 | 0 |
_aالطير المهاجر : شعر / _cاحمد فؤاد نجم |
| 260 |
_a[S.N] : _bدار توبقال للنشر ، _c1987 |
||
| 300 | _a60 ص | ||
| 490 |
_aسلسلة نصوص ادبية _v0 |
||
| 650 | 0 | 4 | _aالادب العربى |
| 650 | 0 | 4 | _aمصر |
| 650 | 0 | 4 | _aالقصائد والدواوين |
| 650 | 0 | 4 | _aالشعر الحر |
| 650 | 0 | 4 | _aالزجل |
| 650 | 0 | 4 | _aالشعر الشعبى المصرى |
| 942 |
_2ddc _cBK |
||
| 999 |
_c52033 _d52033 |
||